Historical Theology An Introduction to the History of Christian Thought (Record no. 6859)

MARC details
005 - DATE AND TIME OF LATEST TRANSACTION
control field 20260317161125.0
020 ## - INTERNATIONAL STANDARD BOOK NUMBER
International Standard Book Number 9780470672860
100 ## - MAIN ENTRY--PERSONAL NAME
Author name MCGRATH,A
245 ## - TITLE STATEMENT
Title Historical Theology An Introduction to the History of Christian Thought
250 ## - EDITION STATEMENT
Edition statement 2nd Ed
260 ## - PUBLICATION, DISTRIBUTION, ETC.
Place of publication, distribution, etc. UK
Name of publisher, distributor, etc. WILEY-BLACKWELL
Date of publication, distribution, etc. 2013
300 ## - PHYSICAL DESCRIPTION
Extent xiv,305p:ill;pictures
Other physical details Glossary, References
Dimensions 24.5cm
942 ## - ADDED ENTRY ELEMENTS (KOHA)
Source of classification or shelving scheme Dewey Decimal Classification
Koha item type Books
Holdings
Date last seen Total checkouts Full call number Barcode Cost, replacement price Price effective from Koha item type Lost status Source of classification or shelving scheme Damaged status Not for loan Withdrawn status Home library Current library Shelving location Date acquired Source of acquisition Cost, normal purchase price
03/17/2026   230.09MCG MBY0001169 183000.00 03/17/2026 Books   Dewey Decimal Classification       CBE MBEYA CBE MBEYA General Collection 02/23/2026 DONATION 61000.00